000 00715nam a2200229Ia 4500
005 20230708092414.0
008 210716s1999 xx 000 0 und d
020 _a8176353566
040 _cAIMIT LIBRARY
041 _aeng
082 _a004.65
_21
_bNORP
100 _aNorton, Peter.
_9126011
245 _aPeter nortons complete guide to networking /
_cBy Peter Norton and Dave Kearns.
250 _a1st ed.
260 _aNew Delhi :
_bTechmedia ,
_c2003.
300 _axii,576p. ;
_bPB
_c24 cm.
650 _aNetwork fundamentals
_9126012
650 _aBuilding local area networks
_9126013
650 _aOperating networks
_9126014
700 _aKearns,Dave.
_9126015
942 _2ddc
_cBK
_e1st
_k004.65 NORP
999 _c185935
_d185935